00157nam a2200061Ia 4500008004100000245004500041260000900086210924s9999 xx 000 0 und d 0aIndian journal of Agricultural Economics c1981